| 000 | 00696cab a2200253 4500 | ||
|---|---|---|---|
| 001 | ABS37237 | ||
| 008 | 090401t1986 xxu||||| |||| 00| 0 eng d | ||
| 035 | _a(Sirsi) u3126 | ||
| 041 | _aeng | ||
| 245 | _aNash v Secretary of State for the Environment and Epping Forest DC | ||
| 260 | _c1986 | ||
| 350 | _a0 | ||
| 490 |
_aProperty and Compensation Reports _v(1986) 52 PCR 261-266(6) |
||
| 520 | _aCA 18 July 1985. | ||
| 650 | _aENFORCEMENT NOTICES | ||
| 650 | _aEXISTING USE RIGHTS | ||
| 650 | _aGREEN BELT | ||
| 650 | _aHAULAGE BUSINESS | ||
| 650 | _aPLANNING PERMISSION | ||
| 650 | _aREFUSAL | ||
| 690 | _aPLANNING LAW AND PRACTICE-CASE LAW | ||
| 942 | _n0 | ||
| 948 | _c04/03/1997 | ||
| 999 |
_c1897 _d1897 |
||